00666nam a2200229Ia 4500003000900000008004100009040001300050040001300063041000800076100002300084100001000107245003900117250000900156260001600165260000900181300001100190300001000201490000600211942000700217999001700224952019500241IT-RoPAU120407s9999 xx 000 0 und d aIT-RoPAU cIT-RoPAU aita aEugène Tisserant ccard. aLuigi Maria Grignon de Montfort... aRoma aTip. Senato c1943 a507 p. c24 cm v1 cBK c35333d35333 00102ddc406922_00000000000000071aPAULUSbPAULUSd2012-04-11l0o922.0r2012-04-11 00:00:00w2012-04-11yBKzInserito da: Anna In data: 05 ottobre 2011 fondo: Via A.Severo 56 Progr:25143